000 00449ntaaa2200181 4500
003 01
005 20251027202640.0
008 0714s1973 ag 01
040 _aAR-BaBN
_bspa
_cAR-BaBN
_eaacr
_dRIC
082 _a372.4000 Or9
100 _aOrwell, George
_925911
245 _aRebeliòn en la granja
250 _a1 ed.
260 _aBuenos Aires :
_bEditorial Kraft,
_c1948, 1956
300 _a163 p
500 _aCuento para niños
942 _cBK
999 _c21651
_d21651